Information technology control and audit
Saved in:
| Other Authors: | |
|---|---|
| Format: | Book |
| Language: | English |
| Published: |
Boca Raton, Fla. :
Auerbach Publications,
c2004
|
| Edition: | 2η εκδ. |
| Subjects: | |
| Tags: |
Add Tag
No Tags, Be the first to tag this record!
|
MARC
| LEADER | 00000nam a2200000 i 4500 | ||
|---|---|---|---|
| 001 | 1/64420 | ||
| 008 | 041029s2004 eng d | ||
| 020 | |a 0-8493-2032-1 | ||
| 035 | |l 10075001 | ||
| 040 | |a GR-MY-UA |b gre |e aacr | ||
| 041 | 0 | |a eng | |
| 082 | 0 | |a 004.22 | |
| 245 | 1 | 0 | |a Information technology control and audit / |c Frederick Gallegeos ... [et al.]. |
| 250 | |a 2η εκδ. | ||
| 260 | |a Boca Raton, Fla. : |b Auerbach Publications, |c c2004 | ||
| 300 | |a xxxv, 849 σ.; |b εικ.; |c 25 εκ. | ||
| 500 | |a Περιέχει βιβλιογραφικές αναφορές (σ. 639-666) και ευρετήριο | ||
| 650 | 0 | 0 | |a Information technology |x Auditing |x Handbooks, manuals, etc. |
| 700 | 1 | |a Gallegos, Frederick. | |
| 852 | |a INST |b SAMOS |e 20041029 |h 004.22 INF |p 005300022837 |q 005300022837 |t BK |y 0 | ||
| 901 | |a BIBL3-2004-3 | ||
| 909 | |a Σ |b 113989 | ||
| 920 | |a ΔΙΕΥΡΥΝΣΗ |b ΕΠΕΑΕΚ-ΤΜΠΕΣ |y ΣΑΜΟΣ |z 2004-10 | ||
| 970 | |a ΜΑΛΑΓΑΡΗ |b ΦΩΤΕΙΝΗ |z 2004/10/29 | ||